| 000 | 00524nam a2200169 i 4500 | ||
|---|---|---|---|
| 001 | 56121 | ||
| 003 | ES-MaACL | ||
| 005 | 20230906163303.0 | ||
| 007 | t| | ||
| 008 | 031003s1981 sp ||||1| spa d | ||
| 100 | 1 |
_aDíaz-Plaja, Guillermo, _d1909-1984 _9162428 |
|
| 245 | 1 | 3 |
_aEl combate por la luz _b: (la hazaña intelectual de Eugenio d'Ors) / _cGuillermo Díaz-Plaja. |
| 260 |
_aMadrid : _bEspasa-Calpe, _c1981. |
||
| 300 |
_a337 p., 8 lám. ; _c22 cm. |
||
| 852 |
_aES-MaACL _jL-954 _bR.101720 |
||
| 999 |
_c56121 _d56121 |
||